| 000 | 00399nam a2200145Ia 4500 | ||
|---|---|---|---|
| 008 | 240729s9999 xx 000 0 und d | ||
| 022 | _a2527-2950 | ||
| 245 | 0 | _aJKKI (Jurnal Kedokteran dan Kesehatan Indonesia) | |
| 260 | _aIndonesia | ||
| 260 | _bFaculty of Medicine | ||
| 650 | _aMedicine | ||
| 856 | _uhttps://doaj.org/toc/a8efa386913f4f27ad41e5e732aa1510 | ||
| 942 | _2ddc | ||
| 942 | _cDOAJEJ | ||
| 999 |
_c70712 _d70712 |
||
| 945 |
_a1 _bMadushi Gamage _c1 _dMadushi Gamage |
||